| 000 | 00508nam a2200205Ia 4500 | ||
|---|---|---|---|
| 003 | OSt | ||
| 005 | 20220107122656.0 | ||
| 008 | 130318s9999 xx 000 0 und d | ||
| 020 | _a9788120337312 | ||
| 040 | _cIIITMK | ||
| 082 | _a005.73 SAM/C | ||
| 100 |
_aSamanta, Debasis _916912 |
||
| 245 | _aClassic data structures | ||
| 250 | _a2 | ||
| 260 |
_bPHI Learning _aNew Delhi _c2011 |
||
| 300 |
_a808 _eCD ROM |
||
| 650 |
_aALGORITHMS _916913 |
||
| 650 |
_aPROGRAMMING LANGUAGES _916914 |
||
| 942 |
_2ddc _cBK |
||
| 999 |
_c2322 _d2322 |
||